Top 10 equipos de futbol con más títulos - Estadísticas

Estadísticas generales
  • Esta prueba ha sido intentada 94 veces
  • La puntuación promedio es 8 de 10
Estadísticas de respuestas
Hint Respuesta % Correcto
6. España Real Madrid
100%
7. España Barcelona
96%
10. Portugal Benfica
92%
5. Escocia Celtic
87%
4. Escocía Rangers
84%
9. Portugal Porto
83%
1. Uruguay Nacional
80%
2. Uruguay Peñarol
80%
3. Egipto Al Ahly
43%
8. Jordania Al Faisaly
4%
No se encontraron pruebas coincidentes
Distribución de puntuación
Porcentaje de gente con cada puntuación
Porcentaje por número respondido
Historial de tus puntuaciones
No has intentado esta prueba.